[Event "Banff op U1600"]
[Site "Banff CAN"]
[Date "2022.11.11"]
[Round "1.47"]
[White "Zhang, James"]
[Black "Yu, Marvin"]
[Result "1-0"]
[WhiteElo "1474"]
[BlackElo "1115"]
[PlyCount "99"]
[EventDate "2022.11.11"]
[EventType "swiss"]
[EventRounds "6"]
[EventCountry "CAN"]

1. e4 e5 2. Nf3 Nc6 3. d4 exd4 4. Nxd4 Bc5 5. Nb3 Bb6 6. Nc3 Qf6 7. Qe2 Nge7 8.
Be3 O-O 9. O-O-O d6 10. h4 h6 11. f3 Bxe3+ 12. Qxe3 Be6 13. g4 Ng6 14. g5 Qf4
15. Qxf4 Nxf4 16. gxh6 g6 17. Nd5 Bxd5 18. exd5 Nb4 19. c4 Nxa2+ 20. Kb1 Nb4
21. Rd4 Nh5 22. c5 Na6 23. Bxa6 bxa6 24. c6 Rab8 25. Nd2 Rb5 26. Ne4 Rfb8 27.
Rh2 Rb4 28. Rxb4 Rxb4 29. Rc2 f5 30. Nxd6 Nf6 31. Rc5 Rd4 32. Nc8 Kh7 33. d6
cxd6 34. Nxd6 Rd5 35. Rc4 Nd7 36. c7 Nb6 37. c8=Q Nxc8 38. Nxc8 Kxh6 39. Rc7
Rd3 40. Rc3 Rd4 41. Ne7 Rxh4 42. Rc6 Rh1+ 43. Ka2 Rg1 44. Nxf5+ Kg5 45. Ne7 Kf4
46. Nxg6+ Kxf3 47. Rxa6 Rg2 48. Nh4+ Kg3 49. Nxg2 Kxg2 50. Rxa7 1-0

[Event "Banff op U1600"]
[Site "Banff CAN"]
[Date "2022.11.11"]
[Round "1.48"]
[White "Fang, Chelsea"]
[Black "Ratte, Daniel"]
[Result "0-1"]
[WhiteElo "1039"]
[BlackElo "1436"]
[PlyCount "80"]
[EventDate "2022.11.11"]
[EventType "swiss"]
[EventRounds "6"]
[EventCountry "CAN"]

1. d4 d5 2. c4 e6 3. Nc3 Bb4 4. Bd2 Nf6 5. a3 Bxc3 6. Bxc3 O-O 7. Nf3 dxc4 8.
e3 b5 9. Be2 Bb7 10. O-O c5 11. dxc5 Qc7 12. Bb4 Na6 13. c6 Rfd8 14. cxb7 Qxb7
15. Qc2 Nxb4 16. axb4 Nd5 17. Qd2 Qe7 18. Nd4 Nxb4 19. Qc3 Qc5 20. Ra5 a6 21.
b3 Nd5 22. bxc4 Nxc3 23. cxb5 Rxd4 24. exd4 Nxe2+ 25. Kh1 Nxd4 26. Rd1 h6 27.
h3 Nxb5 28. Ra2 a5 29. f3 a4 30. Rda1 a3 31. Kh2 Nc3 32. Rc2 Qe5+ 33. Kh1 Ne2
34. Raa2 Ng3+ 35. Kh2 h5 36. Kg1 Qe1+ 37. Kh2 h4 38. Ra1 Qxa1 39. Rc1 Qxc1 40.
f4 Qh1# 0-1

[Event "Banff op U1600"]
[Site "Banff CAN"]
[Date "2022.11.11"]
[Round "1.49"]
[White "Alpuri, Aaqil"]
[Black "Nguyen, Dennis"]
[Result "1-0"]
[WhiteElo "1423"]
[BlackElo "1028"]
[PlyCount "93"]
[EventDate "2022.11.11"]
[EventType "swiss"]
[EventRounds "6"]
[EventCountry "CAN"]

1. d4 d5 2. c4 c6 3. Nc3 Nf6 4. Nf3 Bf5 5. Qb3 Qb6 6. Qxb6 axb6 7. cxd5 cxd5 8.
Bf4 Nc6 9. Nb5 Kd7 10. Ne5+ Nxe5 11. dxe5 Ng8 12. e3 e6 13. Nd4 Bb4+ 14. Ke2
Rc8 15. Nxf5 exf5 16. Rd1 Rc2+ 17. Kf3 Ne7 18. a3 Bd2 19. b4 h6 20. Bd3 Rb2 21.
Rb1 Rxb1 22. Rxb1 g5 23. Bg3 h5 24. Ke2 Bc3 25. Rb3 Ba1 26. Rb1 Bc3 27. h4 gxh4
28. Bxh4 Bxe5 29. Bxe7 Kxe7 30. Bxf5 Kf6 31. Bh3 Ra8 32. Rb3 d4 33. exd4 Bxd4
34. Rf3+ Ke7 35. Rd3 Bb2 36. Rd7+ Kf8 37. Rxb7 Bxa3 38. Rxb6 Re8+ 39. Kf3 Rd8
40. b5 Rd2 41. Rb8+ Kg7 42. b6 Bc5 43. b7 Rxf2+ 44. Ke4 Re2+ 45. Kd5 Bf8 46.
Rxf8 Rd2+ 47. Kc4 1-0

[Event "Banff op U1600"]
[Site "Banff CAN"]
[Date "2022.11.11"]
[Round "1.55"]
[White "Ovechkin, Ilya"]
[Black "Xu, Samuel"]
[Result "1-0"]
[WhiteElo "1225"]
[BlackElo "627"]
[PlyCount "123"]
[EventDate "2022.11.11"]
[EventType "swiss"]
[EventRounds "6"]
[EventCountry "CAN"]

1. d4 d5 2. c4 c6 3. Nc3 Nf6 4. Bg5 e6 5. e3 Nbd7 6. cxd5 cxd5 7. Nf3 b6 8. Bb5
a6 9. Qa4 Be7 10. Ne5 Nh5 11. Bxe7 Qxe7 12. Nxd7 Bxd7 13. Bxd7+ Qxd7 14. Qxd7+
Kxd7 15. Kd2 Rac8 16. Rac1 Rhd8 17. Na4 Rxc1 18. Rxc1 Rb8 19. Rc3 Nf6 20. Rb3
Kc7 21. Nc3 Ng4 22. f3 Nf6 23. e4 dxe4 24. Nxe4 Nxe4+ 25. fxe4 f5 26. Ke3 Kd6
27. h3 b5 28. Kd3 g6 29. g3 a5 30. Ra3 a4 31. b3 axb3 32. axb3 e5 33. Ra6+ Kc7
34. Ra7+ Rb7 35. Rxb7+ Kxb7 36. exf5 gxf5 37. dxe5 Kc6 38. Kd4 Kd7 39. g4 fxg4
40. hxg4 Ke6 41. Ke4 b4 42. g5 Kf7 43. Kf5 Ke7 44. e6 Ke8 45. Kf6 Kf8 46. e7+
Ke8 47. Kg7 Kxe7 48. Kxh7 Kf7 49. g6+ Kf8 50. g7+ Kf7 51. g8=Q+ Kf6 52. Qf8+
Ke5 53. Qxb4 Kd5 54. Qc4+ Kd6 55. b4 Kd7 56. b5 Kd8 57. b6 Kd7 58. b7 Kd8 59.
b8=R+ Kd7 60. Qa6 Kc7 61. Rb7+ Kc8 62. Qa8# 1-0

[Event "Banff op U1600"]
[Site "Banff CAN"]
[Date "2022.11.11"]
[Round "2.43"]
[White "McAllister, Adam"]
[Black "McCoshen, Ricky"]
[Result "1/2-1/2"]
[WhiteElo "1234"]
[BlackElo "1618"]
[PlyCount "74"]
[EventDate "2022.11.11"]
[EventType "swiss"]
[EventRounds "6"]
[EventCountry "CAN"]

1. e4 e5 2. Nf3 Nf6 3. Nxe5 d6 4. Nf3 Nxe4 5. Nc3 Nxc3 6. dxc3 Be7 7. Be3 O-O
8. Qd2 c5 9. h4 Nc6 10. O-O-O Be6 11. Ng5 Qc8 12. Bd3 h6 13. Nxe6 Qxe6 14. Kb1
Ne5 15. Be4 Nc4 16. Qd5 Nxe3 17. fxe3 Rab8 18. g3 b5 19. Qxe6 fxe6 20. Rhf1 d5
21. Bg6 Bf6 22. a3 b4 23. cxb4 cxb4 24. a4 b3 25. c3 Rbc8 26. Bh5 Rc7 27. Bg4
Re8 28. Rf4 Rc6 29. Rb4 Rb6 30. Rxb6 axb6 31. Be2 Rf8 32. Rf1 Rc8 33. Kc1 Be5
34. g4 Bf6 35. h5 d4 36. exd4 Bxd4 37. Rf3 Bf6 {illisible} 1/2-1/2

[Event "Banff op U1600"]
[Site "Banff CAN"]
[Date "2022.11.11"]
[Round "2.44"]
[White "Maheux, Pierre"]
[Black "Ovechkin, Ilya"]
[Result "1/2-1/2"]
[WhiteElo "1582"]
[BlackElo "1225"]
[PlyCount "58"]
[EventDate "2022.11.11"]
[EventType "swiss"]
[EventRounds "6"]
[EventCountry "CAN"]

1. e4 e5 2. Nf3 Nc6 3. Bc4 Bc5 4. b4 Bxb4 5. c3 Bc5 6. d4 exd4 7. cxd4 Bb4+ 8.
Nbd2 Nf6 9. e5 Ne4 10. O-O Nxd2 11. Bxd2 Bxd2 12. Qxd2 O-O 13. Rfe1 d5 14. Bd3
Ne7 15. h4 Bf5 16. Re3 Bxd3 17. Qxd3 g6 18. g3 Nf5 19. Re2 c6 20. Kg2 Re8 21.
Rh1 h5 22. Rhe1 Ng7 23. Qd2 Qd7 24. Qh6 Nf5 25. Qf4 Ng7 26. Qh6 Nf5 27. Qg5 Ng7
28. Qh6 Nf5 29. Qg5 Ng7 1/2-1/2

[Event "Banff op U1600"]
[Site "Banff CAN"]
[Date "2022.11.11"]
[Round "2.45"]
[White "Bollinger, Fabio"]
[Black "Mikusek, Jerry"]
[Result "0-1"]
[WhiteElo "1205"]
[BlackElo "1500"]
[PlyCount "52"]
[EventDate "2022.11.11"]
[EventType "swiss"]
[EventRounds "6"]
[EventCountry "CAN"]

1. e4 c6 2. d4 d5 3. exd5 cxd5 4. Nf3 Nc6 5. Nc3 Nf6 6. Be2 Bg4 7. Bf4 e6 8. a3
Bd6 9. Qd2 O-O 10. O-O a6 11. Ne5 Bxe2 12. Nxc6 bxc6 13. Nxe2 Qc7 14. h3 Rfe8
15. Qe3 Ne4 16. Bg3 Nxg3 17. fxg3 e5 18. Qf3 exd4 19. Rad1 Re3 20. Qf2 Rae8 21.
Nxd4 Bxg3 22. Qf5 R8e5 23. Qg4 h5 24. Rxf7 Qxf7 25. Qc8+ Kh7 26. Nf3 Re1+ 0-1

[Event "Banff op U1600"]
[Site "Banff CAN"]
[Date "2022.11.11"]
[Round "2.46"]
[White "Shepherd, Zachary"]
[Black "Zhang, James"]
[Result "1/2-1/2"]
[WhiteElo "1185"]
[BlackElo "1474"]
[PlyCount "59"]
[EventDate "2022.11.11"]
[EventType "swiss"]
[EventRounds "6"]
[EventCountry "CAN"]

1. d4 d5 2. c4 c6 3. Nc3 Nf6 4. Nf3 e6 5. e3 Bd6 6. Qc2 Nbd7 7. b3 O-O 8. Bd3
b6 9. O-O Bb7 10. e4 dxe4 11. Nxe4 Nxe4 12. Bxe4 Nf6 13. Bg5 h6 14. Bh4 Be7 15.
Rad1 Nxe4 16. Bxe7 Qxe7 17. Qxe4 Rfe8 18. Rfe1 Rad8 19. Qg4 Qc7 20. Re3 c5 21.
Red3 cxd4 22. Rxd4 Bxf3 23. Qxf3 Rxd4 24. Rxd4 Rd8 25. Qd3 Rxd4 26. Qxd4 Kh7
27. g3 Qe7 28. f4 Qa3 29. Qe4+ g6 30. Qe2 1/2-1/2

[Event "Banff op U1600"]
[Site "Banff CAN"]
[Date "2022.11.11"]
[Round "2.47"]
[White "Ratte, Daniel"]
[Black "Li, Ryan"]
[Result "1-0"]
[WhiteElo "1436"]
[BlackElo "1146"]
[PlyCount "53"]
[EventDate "2022.11.11"]
[EventType "swiss"]
[EventRounds "6"]
[EventCountry "CAN"]

1. e4 c6 2. d4 d5 3. e5 Bf5 4. c3 e6 5. Bd3 Ne7 6. f4 Bxd3 7. Qxd3 Nf5 8. Nf3
c5 9. O-O Nc6 10. Be3 c4 11. Qe2 Be7 12. Nbd2 O-O 13. Bf2 Qb6 14. Rfb1 Rac8 15.
Nf1 Qc7 16. Ne3 Nxe3 17. Bxe3 b5 18. Qc2 h6 19. f5 b4 20. Kh1 bxc3 21. bxc3 Rb8
22. g4 Rxb1+ 23. Rxb1 exf5 24. gxf5 Qd7 25. Rg1 f6 26. Bxh6 Kf7 27. e6+ 1-0

[Event "Banff op U1600"]
[Site "Banff CAN"]
[Date "2022.11.11"]
[Round "2.48"]
[White "Villamar, Eros"]
[Black "Alpuri, Aaqil"]
[Result "0-1"]
[WhiteElo "1144"]
[BlackElo "1423"]
[PlyCount "190"]
[EventDate "2022.11.11"]
[EventType "swiss"]
[EventRounds "6"]
[EventCountry "CAN"]

1. e4 c5 2. Nf3 Nc6 3. c3 Nf6 4. d3 d6 5. Bg5 e6 6. Qc2 Be7 7. Be2 Bd7 8. Na3
a6 9. Nc4 Qc7 10. d4 cxd4 11. cxd4 Rc8 12. a3 Na5 13. Rc1 b5 14. Ne3 Qxc2 15.
Rxc2 Rxc2 16. Nxc2 Nxe4 17. Bxe7 Kxe7 18. Nb4 Bc8 19. Bd3 Nf6 20. O-O Bb7 21.
Rc1 Nd5 22. Be4 Kf6 23. g4 h6 24. Bxd5 Bxd5 25. Nd2 Bc4 26. Nxa6 h5 27. f3 hxg4
28. Ne4+ Ke7 29. fxg4 Nb3 30. Rd1 Be2 31. Re1 Nxd4 32. Rc1 Bc4 33. Kg2 Ne2 34.
Rc2 Nf4+ 35. Kg3 Nd5 36. Rc1 Bd3 37. Nf2 Bc4 38. Ne4 Nf6 39. Ng5 Nd7 40. a4 Nb6
41. axb5 Bxb5 42. Rc7+ Nd7 43. Nb4 f6 44. Nf3 e5 45. Nh4 Ke6 46. Nf3 Rb8 47.
Nc2 Ba4 48. h4 Rb3 49. h5 Rxb2 50. Ne3 Rb3 51. Kf2 Rb2+ 52. Kg3 Rb3 53. Kf2 Rb4
54. g5 e4 55. gxf6 Rb2+ 56. Kg3 Kxf6 57. Nh4 Kg5 58. Ra7 Rb4 59. Ra5+ Ne5 60.
Ra8 Kxh5 61. Nef5 Rb3+ 62. Kf4 Nd3+ 63. Kxe4 Nc5+ 64. Kf4 Nd3+ 65. Ke4 Bc6+ 66.
Kd4 Bxa8 67. Nxd6 Kxh4 68. Nf5+ Kh3 69. Nxg7 Nf2 70. Ne6 Rd3+ 71. Ke5 Ng4+ 72.
Kf4 Rf3+ 73. Kg5 Kg3 74. Nd4 Ra3 75. Ne2+ Kf2 76. Nf4 Ne5 77. Ne6 Nf7+ 78. Kf6
Ra6 79. Ke7 Bd5 80. Nc5 Ra7+ 81. Kf6 Nd6 82. Ke5 Nb7 83. Nd3+ Ke3 84. Nf4 Be4
85. Ne6 Ra5+ 86. Kf6 Rf5+ 87. Ke7 Re5 88. Kf6 Rf5+ 89. Ke7 Nc5 90. Nc7 Re5+ 91.
Kd6 Nd3 92. Kd7 Bf5+ 93. Kc6 Rc5+ 94. Kd6 Kd4 95. Ke7 Rxc7+ 0-1

[Event "Banff op U1600"]
[Site "Banff CAN"]
[Date "2022.11.11"]
[Round "2.50"]
[White "Lu, Kevin"]
[Black "Cowan, Brennen"]
[Result "0-1"]
[WhiteElo "1498"]
[BlackElo "1247"]
[PlyCount "46"]
[EventDate "2022.11.11"]
[EventType "swiss"]
[EventRounds "6"]
[EventCountry "CAN"]

1. e4 c5 2. Nf3 Nc6 3. d4 cxd4 4. Nxd4 Nf6 5. Nc3 e5 6. Ndb5 d6 7. Nd5 Nxd5 8.
exd5 Nb8 9. Be2 Be7 10. O-O a6 11. Nc3 O-O 12. Be3 Bf5 13. Kh1 Nd7 14. f4 Qc8
15. g4 exf4 16. Bxf4 Bg6 17. Bd3 Bxd3 18. Qxd3 Ne5 19. Qd4 Nxg4 20. Ne4 Qxc2
21. Rac1 Qe2 22. Nc3 Qxb2 23. Bxd6 Bxd6 0-1

[Event "Banff op U1600"]
[Site "Banff CAN"]
[Date "2022.11.11"]
[Round "2.51"]
[White "Bruneau, Gilles"]
[Black "Ratte, James"]
[Result "1-0"]
[WhiteElo "1392"]
[BlackElo "1117"]
[PlyCount "45"]
[EventDate "2022.11.11"]
[EventType "swiss"]
[EventRounds "6"]
[EventCountry "CAN"]

1. d4 d5 2. c4 e6 3. Nf3 c5 4. e3 Nc6 5. cxd5 exd5 6. Nc3 Nf6 7. Be2 Be7 8. O-O
O-O 9. b3 Bg4 10. Bb2 Bxf3 11. Bxf3 Qb6 12. Na4 Qb5 13. Be2 Qa5 14. Bc3 Qc7 15.
Nxc5 Bxc5 16. dxc5 Ne4 17. Bb2 Rad8 18. Rc1 Qa5 19. a3 Nxc5 20. b4 Qb6 21. Rxc5
a5 22. Bc3 axb4 23. Rb5 1-0

[Event "Banff op U1600"]
[Site "Banff CAN"]
[Date "2022.11.11"]
[Round "2.53"]
[White "Slone, Jake"]
[Black "Zhang, Finley"]
[Result "1-0"]
[WhiteElo "1216"]
[BlackElo "1004"]
[PlyCount "63"]
[EventDate "2022.11.11"]
[EventType "swiss"]
[EventRounds "6"]
[EventCountry "CAN"]

1. Nf3 d5 2. g3 Nf6 3. Bg2 Bf5 4. d4 e6 5. O-O Bd6 6. c4 c6 7. b3 O-O 8. Nc3
Nbd7 9. Nh4 Bg4 10. Qc2 e5 11. dxe5 Bxe5 12. cxd5 Nxd5 13. Bb2 Re8 14. Nxd5
cxd5 15. Qd2 Bxb2 16. Qxb2 Nc5 17. Qd4 Be6 18. Rac1 b6 19. Rfd1 Qe7 20. Qb4 Qf6
21. Bxd5 Bxd5 22. Rxd5 Qe6 23. Rcd1 Qh3 24. Qf4 Ne4 25. Rd7 f6 26. Qf5 Qxf5 27.
Nxf5 Rec8 28. Rxg7+ Kh8 29. Rdd7 Rc2 30. Rxh7+ Kg8 31. Nh6+ Kf8 32. Rhf7+ 1-0

[Event "Banff op U1600"]
[Site "Banff CAN"]
[Date "2022.11.11"]
[Round "2.54"]
[White "Ghoggali, Zayd"]
[Black "Christopher, Jack"]
[Result "1-0"]
[WhiteElo "1389"]
[BlackElo "768"]
[PlyCount "115"]
[EventDate "2022.11.11"]
[EventType "swiss"]
[EventRounds "6"]
[EventCountry "CAN"]

1. e4 Nf6 2. e5 Nd5 3. c4 Nb6 4. d4 d6 5. Nf3 Nc6 6. Bf4 Bg4 7. Be2 Qd7 8. O-O
Bxf3 9. Bxf3 Nxc4 10. Bd5 dxe5 11. dxe5 Nb6 12. Bb3 e6 13. Nc3 Be7 14. Qg4 Bf8
15. Rad1 Nd5 16. Nxd5 exd5 17. Qxd7+ Kxd7 18. Rxd5+ Ke8 19. Rfd1 Rd8 20. Ba4
Rxd5 21. Rxd5 Bb4 22. Bg5 Be7 23. Bf4 h6 24. Be3 a6 25. Bxc6+ bxc6 26. Ra5 Kd7
27. Rxa6 Ke6 28. f4 Kd5 29. Ra5+ Ke6 30. Bc5 Bh4 31. g3 Bd8 32. Bd4 Be7 33. Ra7
Rc8 34. Rb7 Kd5 35. Bb6 Bd8 36. a4 cxb6 37. Rxf7 g5 38. Rh7 gxf4 39. gxf4 Ke4
40. Kf2 Kf5 41. Rf7+ Ke6 42. Rh7 Kf5 43. Kf3 Kg6 44. Rb7 Kf5 45. Rh7 Kg6 46.
Rd7 Rc7 47. Rxd8 Ra7 48. Rd6+ Kg7 49. b3 Rc7 50. f5 b5 51. axb5 cxb5 52. Ke4
Rc3 53. Rd7+ Kf8 54. f6 Rxb3 55. e6 Rb4+ 56. Kd5 Ke8 57. Rh7 Rf4 58. Rh8# 1-0

[Event "Banff op U1600"]
[Site "Banff CAN"]
[Date "2022.11.11"]
[Round "2.55"]
[White "Vaagen, Nicholas"]
[Black "Gougeon, Patrick"]
[Result "1/2-1/2"]
[WhiteElo "1138"]
[BlackElo "1128"]
[PlyCount "112"]
[EventDate "2022.11.11"]
[EventType "swiss"]
[EventRounds "6"]
[EventCountry "CAN"]

1. c4 f5 2. Nc3 Nf6 3. g3 g6 4. Bg2 Bg7 5. e3 O-O 6. Nge2 e5 7. b4 c6 8. Bb2
Re8 9. O-O Na6 10. a3 Nc7 11. f4 e4 12. d4 d5 13. Qb3 Kh8 14. Rac1 Ng4 15. Nd1
a5 16. Nec3 Be6 17. c5 Nxe3 18. Nxe3 Bxd4 19. Ne2 Bxb2 20. Qxb2+ Kg8 21. Nd4
Bc8 22. Rfe1 Ne6 23. Nec2 Nxd4 24. Nxd4 Qc7 25. a4 axb4 26. Qxb4 Qa5 27. Qxa5
Rxa5 28. Nb3 Rxa4 29. Bf1 Be6 30. Red1 Rea8 31. Ra1 Rxa1 32. Rxa1 Rxa1 33. Nxa1
d4 34. Nc2 d3 35. Ne3 Bb3 36. Kf2 Ba4 37. Ke1 Bb5 38. Kd2 Kf7 39. g4 fxg4 40.
Nxg4 Ke6 41. Ne3 Kd7 42. Bg2 Kc7 43. Bxe4 b6 44. cxb6+ Kxb6 45. Bxd3 Bxd3 46.
Kxd3 Kc5 47. Ng4 Kd6 48. Kd4 Ke6 49. Nh6 Kf6 50. Kc5 Kg7 51. Ng4 h5 52. Nf2 Kf6
53. Kxc6 Kf5 54. Nd3 Kg4 55. Ne5+ Kf5 56. Kd5 Kxf4 1/2-1/2

[Event "Banff op U1600"]
[Site "Banff CAN"]
[Date "2022.11.11"]
[Round "2.56"]
[White "Xu, Samuel"]
[Black "Kovalivskyi, Danylo"]
[Result "0-1"]
[WhiteElo "627"]
[BlackElo "1135"]
[PlyCount "34"]
[EventDate "2022.11.11"]
[EventType "swiss"]
[EventRounds "6"]
[EventCountry "CAN"]

1. e4 e5 2. Nf3 Nc6 3. Bb5 Bc5 4. O-O Qe7 5. c3 Nf6 6. Bxc6 dxc6 7. d4 Bd6 8.
Re1 Bg4 9. h3 Bxf3 10. Qxf3 O-O-O 11. Qf5+ Qe6 12. dxe5 Bxe5 13. Qxe6+ fxe6 14.
Be3 Nxe4 15. Bxa7 b6 16. Rxe4 Rd1+ 17. Re1 Rxe1# 0-1

[Event "Banff op U1600"]
[Site "Banff CAN"]
[Date "2022.11.12"]
[Round "3.43"]
[White "Mikusek, Jerry"]
[Black "Alpuri, Aaqil"]
[Result "1/2-1/2"]
[WhiteElo "1500"]
[BlackElo "1423"]
[PlyCount "58"]
[EventDate "2022.11.11"]
[EventType "swiss"]
[EventRounds "6"]
[EventCountry "CAN"]

1. d4 Nf6 2. Bf4 e6 3. Nf3 d5 4. e3 c5 5. c3 Nc6 6. Be2 Bd6 7. Bg3 b6 8. Nbd2
Bb7 9. O-O Bxg3 10. hxg3 O-O 11. Nh2 h6 12. Bf3 Qc7 13. Ng4 Nxg4 14. Bxg4 e5
15. f4 exd4 16. cxd4 cxd4 17. exd4 Nxd4 18. Rc1 Qd6 19. Re1 Rfe8 20. Nf3 Nxf3+
21. Bxf3 Qb4 22. Re2 Rec8 23. a3 Qd6 24. Qd2 Rxc1+ 25. Qxc1 Rc8 26. Qd1 Qc5+
27. Kh2 Rd8 28. b4 Qc7 29. Bxd5 Bxd5 1/2-1/2

[Event "Banff op U1600"]
[Site "Banff CAN"]
[Date "2022.11.12"]
[Round "3.44"]
[White "Bajcetic, Branko"]
[Black "Ratte, Daniel"]
[Result "0-1"]
[WhiteElo "1305"]
[BlackElo "1436"]
[PlyCount "140"]
[EventDate "2022.11.11"]
[EventType "swiss"]
[EventRounds "6"]
[EventCountry "CAN"]

1. e4 e6 2. d4 d5 3. e5 c5 4. c3 Bd7 5. Be3 Qc7 6. Bd3 a6 7. a4 c4 8. Bc2 Qa5
9. Ne2 b5 10. O-O b4 11. cxb4 Bxb4 12. Bd2 Nc6 13. Nbc3 Nge7 14. Rb1 Qb6 15.
Na2 Bxd2 16. Qxd2 Qa5 17. Qc3 Rb8 18. b4 cxb3 19. Rxb3 Rxb3 20. Bxb3 O-O 21.
Qd3 Rb8 22. Bc2 g6 23. g4 Nb4 24. Nxb4 Rxb4 25. h4 Bxa4 26. Qa3 Nc6 27. Ra1
Bxc2 28. Qxa5 Nxa5 29. Rxa5 Bd3 30. Nf4 Bb5 31. Ra3 Rxd4 32. Ng2 Rxg4 33. Rh3
d4 34. f3 Rxg2+ 35. Kxg2 d3 36. Kf2 d2 37. Rh1 Ba4 38. Ke2 d1=Q+ 39. Rxd1 Bxd1+
40. Kxd1 Kf8 41. Kd2 Ke7 42. Kc3 Kd7 43. Kb4 Kc6 44. Kc4 a5 45. f4 h5 46. Kd4
Kb5 47. Kc3 a4 48. Kb2 Kc4 49. Ka3 Kd4 50. Kxa4 Ke4 51. Kb4 Kxf4 52. Kc4 Kxe5
53. Kd3 Kf4 54. Ke2 e5 55. Kf2 f5 56. Kg2 e4 57. Kf2 e3+ 58. Kg2 Ke4 59. Kf1 f4
60. Ke2 f3+ 61. Kf1 Kd3 62. Ke1 e2 63. Kf2 Kd2 64. Kxf3 e1=Q 65. Kg2 Qe3 66.
Kh2 Qf3 67. Kg1 Qe2 68. Kh1 Ke3 69. Kg1 Kf3 70. Kh1 Qg2# 0-1

[Event "Banff op U1600"]
[Site "Banff CAN"]
[Date "2022.11.12"]
[Round "3.47"]
[White "Zhang, James"]
[Black "McAllister, Adam"]
[Result "1-0"]
[WhiteElo "1474"]
[BlackElo "1234"]
[PlyCount "71"]
[EventDate "2022.11.11"]
[EventType "swiss"]
[EventRounds "6"]
[EventCountry "CAN"]

1. e4 c6 2. d4 d5 3. Nc3 dxe4 4. Nxe4 Nf6 5. Qd3 Nbd7 6. Nf3 h6 7. c3 Nxe4 8.
Qxe4 Nf6 9. Qc2 e6 10. Bf4 Bd6 11. Bg3 O-O 12. Bd3 Re8 13. O-O Bxg3 14. fxg3
Qc7 15. Rae1 b6 16. Ne5 Bb7 17. Be4 Rf8 18. Bf3 Rac8 19. b4 c5 20. dxc5 Bxf3
21. Rxf3 bxc5 22. b5 h5 23. c4 Nd7 24. Nc6 Nb8 25. Ne5 Nd7 26. Nd3 Rce8 27.
Rfe3 e5 28. Qe2 g6 29. Nxe5 Nxe5 30. Rxe5 Rxe5 31. Qxe5 Qc8 32. Qe7 a6 33. a4
Rd8 34. Rf1 Re8 35. Qf6 axb5 36. axb5 {illisible} 1-0

[Event "Banff op U1600"]
[Site "Banff CAN"]
[Date "2022.11.12"]
[Round "3.48"]
[White "Ovechkin, Ilya"]
[Black "Bruneau, Gilles"]
[Result "0-1"]
[WhiteElo "1225"]
[BlackElo "1392"]
[PlyCount "90"]
[EventDate "2022.11.11"]
[EventType "swiss"]
[EventRounds "6"]
[EventCountry "CAN"]

1. d4 Nf6 2. c4 g6 3. Nc3 Bg7 4. Bg5 h6 5. Bxf6 Bxf6 6. g3 e6 7. Bg2 O-O 8. e3
c6 9. Nf3 d5 10. Qb3 Nd7 11. cxd5 exd5 12. O-O Bg7 13. Rac1 Kh7 14. h4 f5 15.
Ne2 Qe8 16. Nf4 Rb8 17. Nd3 Nb6 18. Qa3 a6 19. Qb4 Qd8 20. b3 Nd7 21. Nf4 Re8
22. Qd6 Qf6 23. Qxf6 Bxf6 24. h5 Nf8 25. hxg6+ Nxg6 26. Nxg6 Kxg6 27. Kh2 Rh8
28. Bh3 Be6 29. Ne5+ Bxe5 30. dxe5 Rbe8 31. f4 h5 32. Rg1 Reg8 33. Bf1 Kf7 34.
Kg2 h4 35. Kf3 Rg7 36. Rg2 d4 37. Bc4 Bxc4 38. Rxc4 dxe3 39. Rc3 Rhg8 40. Rxe3
Rxg3+ 41. Rxg3 Rxg3+ 42. Kf2 Rxe3 43. Kxe3 c5 44. Kf3 b5 45. Kg2 c4 0-1

[Event "Banff op U1600"]
[Site "Banff CAN"]
[Date "2022.11.12"]
[Round "3.49"]
[White "Cowan, Brennen"]
[Black "Shepherd, Zachary"]
[Result "1-0"]
[WhiteElo "1247"]
[BlackElo "1185"]
[PlyCount "79"]
[EventDate "2022.11.11"]
[EventType "swiss"]
[EventRounds "6"]
[EventCountry "CAN"]

1. e4 c5 2. a3 Nc6 3. b4 cxb4 4. axb4 Qc7 5. b5 Nd4 6. Na3 e6 7. Bb2 Bxa3 8.
Bxd4 e5 9. Bxe5 Qxe5 10. Rxa3 Ne7 11. Qf3 O-O 12. Nh3 d5 13. Bd3 Qb2 14. Rb3
Qa1+ 15. Qd1 Qxd1+ 16. Kxd1 Bxh3 17. gxh3 Rfd8 18. exd5 Rxd5 19. Re1 Kf8 20.
Be4 Rc5 21. Bxb7 Rb8 22. Ba6 Nd5 23. d4 Rc4 24. Rd3 Nb4 25. Rd2 Rc3 26. d5 Nxa6
27. bxa6 Rb1+ 28. Ke2 Rxe1+ 29. Kxe1 Ke7 30. Re2+ Kd7 31. Kd2 Ra3 32. c4 Rxa6
33. Kc3 Ra3+ 34. Kb4 Rxh3 35. c5 Rh4+ 36. Kb5 Rd4 37. d6 Kd8 38. Re7 Rd2 39.
Rxf7 Rb2+ 40. Kc6 1-0

[Event "Banff op U1600"]
[Site "Banff CAN"]
[Date "2022.11.12"]
[Round "3.52"]
[White "Li, Ryan"]
[Black "Nguyen, Katherine"]
[Result "1-0"]
[WhiteElo "1146"]
[BlackElo "899"]
[PlyCount "97"]
[EventDate "2022.11.11"]
[EventType "swiss"]
[EventRounds "6"]
[EventCountry "CAN"]

1. e4 e5 2. Nf3 Nc6 3. d4 d5 4. Bb5 Bd7 5. Bxc6 Bxc6 6. Nxe5 dxe4 7. Nc3 Nf6 8.
Bg5 Bd5 9. Bxf6 gxf6 10. Ng4 Bc6 11. d5 Bd7 12. Nxe4 Bxg4 13. Qxg4 Qe7 14. O-O
h5 15. Qg3 O-O-O 16. Qh4 f5 17. Qxe7 Bxe7 18. Nc3 Bf6 19. Rad1 Bxc3 20. bxc3 h4
21. h3 Rhg8 22. Rd4 f6 23. c4 c6 24. Rfd1 Rg7 25. Rxh4 Rgd7 26. Rf4 cxd5 27.
Rxf5 dxc4 28. Rxd7 Rxd7 29. Rc5+ Rc7 30. Rxc7+ Kxc7 31. h4 b5 32. h5 a5 33. h6
a4 34. h7 b4 35. h8=Q b3 36. cxb3 axb3 37. axb3 cxb3 38. Qxf6 Kd7 39. Qf7+ Kd6
40. Qxb3 Ke5 41. Qc4 Kf5 42. Kh2 Ke5 43. Kg3 Kd6 44. Kf4 Ke7 45. Ke5 Kd7 46.
Qc5 Ke8 47. Qc7 Kf8 48. Kf6 Ke8 49. Qe7# 1-0

[Event "Banff op U1600"]
[Site "Banff CAN"]
[Date "2022.11.12"]
[Round "3.55"]
[White "Gougeon, Patrick"]
[Black "Lu, Kevin"]
[Result "1/2-1/2"]
[WhiteElo "1128"]
[BlackElo "1498"]
[PlyCount "96"]
[EventDate "2022.11.11"]
[EventType "swiss"]
[EventRounds "6"]
[EventCountry "CAN"]

1. f4 d5 2. Nf3 Nf6 3. g3 Bf5 4. Bg2 c5 5. d3 Nc6 6. O-O e6 7. c3 h6 8. Na3 a6
9. Qe1 d4 10. Nc4 Bd6 11. Nfe5 Qc7 12. Nxc6 bxc6 13. Bd2 Be7 14. Rb1 O-O 15.
Ne5 Rac8 16. cxd4 cxd4 17. Nxc6 Nd5 18. Rc1 Qb7 19. Nxe7+ Qxe7 20. e4 dxe3 21.
Bxe3 Bxd3 22. Rf3 Be4 23. Rf2 Bxg2 24. Kxg2 Nb4 25. Rxc8 Rxc8 26. Rd2 Qb7+ 27.
Kh3 Nxa2 28. Qd1 Nb4 29. Bf2 Nd5 30. f5 Rd8 31. fxe6 fxe6 32. Qe1 Qf7 33. Bb6
Rd7 34. Bf2 Re7 35. Bc5 Re8 36. Bf2 Qf3 37. Qe5 Nf6 38. Qe1 e5 39. Re2 a5 40.
Bb6 Qf5+ 41. Kg2 a4 42. Rf2 Qe4+ 43. Qxe4 Nxe4 44. Re2 Nd6 45. Bc5 Nc4 46. Bd4
Kf7 47. Bc3 g6 48. Re4 Nd6 1/2-1/2

[Event "Banff op U1600"]
[Site "Banff CAN"]
[Date "2022.11.12"]
[Round "3.56"]
[White "Ratte, James"]
[Black "McCall, Gordon"]
[Result "1-0"]
[WhiteElo "1117"]
[BlackElo "1306"]
[PlyCount "49"]
[EventDate "2022.11.11"]
[EventType "swiss"]
[EventRounds "6"]
[EventCountry "CAN"]

1. d4 Nf6 2. e3 d5 3. Nf3 Nc6 4. Bd3 Bg4 5. Nbd2 e5 6. dxe5 Nxe5 7. O-O Nxf3+
8. Nxf3 Bd6 9. b3 O-O 10. Bb2 Re8 11. h3 Bd7 12. c4 Bc5 13. Rc1 b6 14. cxd5
Nxd5 15. Bxh7+ Kxh7 16. Qxd5 f6 17. Rc4 Be6 18. Rh4+ Kg8 19. Qh5 Kf8 20. Qg6
Bf7 21. Rh8+ Ke7 22. Qxg7 Qd6 23. Rxe8+ Rxe8 24. Nd4 Qe5 25. Nc6+ 1-0

[Event "Banff op U1600"]
[Site "Banff CAN"]
[Date "2022.11.12"]
[Round "3.58"]
[White "Christopher, Jack"]
[Black "Yu, Marvin"]
[Result "0-1"]
[WhiteElo "768"]
[BlackElo "1115"]
[PlyCount "46"]
[EventDate "2022.11.11"]
[EventType "swiss"]
[EventRounds "6"]
[EventCountry "CAN"]

1. e4 e5 2. f4 exf4 3. Nf3 d5 4. exd5 Nf6 5. d4 Nxd5 6. c4 Bb4+ 7. Bd2 Ne3 8.
Qa4+ Nc6 9. Bxb4 Bd7 10. Bd2 Nxd4 11. Qa5 Nec2+ 12. Kf2 Nxf3 13. gxf3 Qh4+ 14.
Kg1 O-O 15. Qxc7 Bh3 16. Qe5 Bxf1 17. Bc3 f6 18. Qe6+ Kh8 19. Kxf1 Rae8 20. Qf5
Ne3+ 21. Kg1 Nxf5 22. Nd2 Re1+ 23. Kg2 Ne3# 0-1